000 02347nam0a22004091 4500
001 v19\rc\1403427
005 20260406193144.0
035 _a(NLR Aleph) 004533383
090 _a1902094
_c1902094
100 _a20060512d18741874|||y0rusy50 ca
101 0 _arus
102 _aRU
105 _ay z |||||
200 1 _aУстав и Протоколы заседаний Общества древнерусского искусства при Московском публичном музее
210 _aМосква
_d1874 (обл. 1876)
215 _a163 с.
_d18
300 _aПеред текстом Устава загл.: Устав Общества древнерусского искусства при Московском публичном музее, высочайше утвержденный в 22-й день мая 1864 года
311 _aИзвлеч. из "Вестн. О-ва древнерус. искусства". 1874 г.
464 0 _12001#$aУстав Общества древне-русского искусства при Московском публичном музее, высочайше утвержденный в 22-й день мая 1864 года
_tУстав Общества древне-русского искусства при Московском публичном музее, высочайше утвержденный в 22-й день мая 1864 года
488 0 _12001#$aВестник Общества древнерусского искусства$v1874
_tВестник Общества древнерусского искусства
517 0 _aПротоколы заседаний Общества древнерусского искусства при Московском публичном музее
710 0 2 _aОбщество древне-русского искусства
_cМосква
_3RU\NLR\AUTH\889955812
_9407742
801 0 _aRU
_bNLR
_gpsbo
801 0 _aRU
_bRuMoRGB
_2psbo
801 1 _aRU
_bProSoft-M
_2rusmarc
852 _aNLR
_j18.255.7.50
852 _aNLR
_j18.123.6.65
899 _aRuMoRGB
_jV 302/617
899 _aRuMoRGB
_jU 114/262
899 _aRuMoRGB
_jE 45/397
899 _aБАН
899 _aНБ СПбГУ
899 _aГПИБ
899 _aНБ МГУ
899 _aRuMoRGB
_jM 92/74
942 _cBOOK
980 _aNB